Sex, Law, and the Politics of Age : (Record no. 38019)

MARC details
000 -LEADER
fixed length control field 01732nam a22002057a 4500
020 ## - INTERNATIONAL STANDARD BOOK NUMBER
ISBN 9781009012294
041 ## - LANGUAGE CODE
Language code of text/sound track or separate title eng.
082 ## - DEWEY DECIMAL CLASSIFICATION NUMBER
Classification number 392.509540904
Item number PAN-S
100 ## - MAIN ENTRY--AUTHOR NAME
Personal name Pande, Ishita
Relator term Author.
245 ## - TITLE STATEMENT
Title Sex, Law, and the Politics of Age :
Sub Title Child Marriage in India, 1891-1937 /
Statement of responsibility, etc Ishita Pande.
260 ## - PUBLICATION, DISTRIBUTION, ETC. (IMPRINT)
Place of publication Cambridge :
Name of publisher Cambridge University Press,
Year of publication 2020.
300 ## - PHYSICAL DESCRIPTION
Number of Pages 340p.
504 ## - BIBLIOGRAPHY, ETC. NOTE
Bibliography, etc Includes bibliographical references and index.
520 ## - SUMMARY, ETC.
Summary, etc Ishita Pande's innovative study provides a dual biography of India's path-breaking Child Marriage Restraint Act (1929) and of 'age' itself as a key category of identity for upholding the rule of law, and for governing intimate life in late colonial India. Through a reading of legislative assembly debates, legal cases, government reports, propaganda literature, Hindi novels and sexological tracts, Pande tells a wide-ranging story about the importance of debates over child protection to India's coming of age. By tracing the history of age in colonial India she illuminates the role of law in sculpting modern subjects, demonstrating how seemingly natural age-based exclusions and understandings of legal minority became the alibi for other political exclusions and the minoritization of entire communities in colonial India. In doing so, Pande highlights how childhood as a political category was fundamental not just to ideas of sexual norms and domestic life, but also to the conceptualisation of citizenship and India as a nation in this formative period.
546 ## - LANGUAGE NOTE
Language note English.
650 ## - SUBJECT ADDED ENTRY--TOPICAL TERM
Topical Term Child marriage
Geographic subdivision India
General subdivision History.
650 ## - SUBJECT ADDED ENTRY--TOPICAL TERM
Topical Term Child marriage
General subdivision Law and legislation
Geographic subdivision India
General subdivision History.
650 ## - SUBJECT ADDED ENTRY--TOPICAL TERM
Topical Term Age of consent
Geographic subdivision India
General subdivision History.
942 ## - ADDED ENTRY ELEMENTS (KOHA)
Source of classification or shelving scheme Dewey Decimal Classification
Koha item type Books
Holdings
Withdrawn status Lost status Damaged status Not for loan Home library Current library Date acquired Source of acquisition Cost, normal purchase price Full call number Accession Number Cost, replacement price Price effective from Koha item type
        NASSDOC Library NASSDOC Library 16/03/2023 Overseas 0.00 392.509540904 PAN-S 53558 0.00 18/05/2023 Books